00474cam a2200181 a 4500001000800000005001700008008004100025010001700066020002800083040001800111041000800129080001100137082001900148100000700167101000800174245009000182504002000272499408120180309073039.0990216s1999 nyua 001 0 eng  a 99014252  a0471534781 (alk. paper) aDLCcDLCdDLC aeng a660.2800a660.28 FEL2211 a12 aKIM10aElementary principles of chemical processes /cRichard M. Felder, Ronald W. Rousseau. aIncludes index.